000 00525nam a2200181 4500
001 140212
003 ES-MaACL
005 20230906200032.0
007 t|
008 070214s1981 sp r ||||1| cat d
245 0 3 _aUn segle de poesia catalana /
_c[selección] Jaume Bofill i Ferro, Antoni Comas.
250 _a2ª ed.
260 _aBarcelona :
_bDestino,
_c1981.
300 _a3 v. ;
_c19 cm.
700 1 _aBofill i Ferro, Jaume.
_929787
700 1 _aComas, Antoni.
_939930
852 _aES-MaACL
_jL-1710-12
_bR.102300
999 _c140212
_d140212